000 00207nam a2200097Ia 4500
008 240331s9999 xx 000 0 und d
082 _bJAY
100 _aJayakody,S
245 0 _aWadamarachchi ginna
942 _cL
999 _c4816
_d4816